The policing of families

Αποθηκεύτηκε σε:
Λεπτομέρειες βιβλιογραφικής εγγραφής
Κύριος συγγραφέας: Donzelot, Jacques
Άλλοι συγγραφείς: Hurley, Robert (Μεταφραστής)
Μορφή: Βιβλίο
Γλώσσα:English
Δημοσίευση: Baltimore; London : Johns Hopkins University Press, 1997
Θέματα:
Ετικέτες: Προσθήκη ετικέτας
Δεν υπάρχουν, Καταχωρήστε ετικέτα πρώτοι!

MARC

LEADER 00000nam a2200000 i 4500
001 1/79522
008 050628s1997 eng d
020 |a 0-8018-5649-3 
035 |l 10078776 
040 |a GR-MY-UA  |b gre  |e aacr 
041 0 |a eng 
082 0 |a 306.850944  |2 (22) 
100 1 |a Donzelot, Jacques. 
245 1 4 |a The policing of families /  |c Jacques Donzelot ; with a foreword by Gilles Deleuze ; translated from the French by Robert Hurley 
260 |a Baltimore; London :   |b Johns Hopkins University Press,   |c 1997 
300 |a xxvii, 242 σ.;  |c 21 εκ. 
504 |a Περιέχει βιβλιογραφία και ευρετήριο 
650 0 0 |a Family  |z France  |x History. 
651 0 |a France  |x Social conditions. 
700 1 |a Deleuze, Gilles,   |d 1925-1995.  |4 oth 
700 1 |a Hurley, Robert.  |4 trl 
852 |a INST  |b LESVOS  |e 20050628  |h 306.850944 DON  |p 005100032231  |q 005100032231  |t BK  |y 0 
901 |a BIBL1-2005-2 
909 |a Λ  |b 121835 
920 |a ΕΠΕΑΕΚ ΠΜΣ ΓΥΝΑΙΚΕΣ KAI ΦΥΛΑ  |y ΛΕΣΒΟΣ  |z 2005-06 
970 |a ΚΑΡΑ  |b ΓΙΑΣΕΜΗ  |z 2005/06/28